Políticas del PSOE 1982-1995 : (Record no. 614)

MARC details
000 -LEADER
campo de control de longitud fija 00774nam a2200289Ia 4500
001 - NÚMERO DE CONTROL
campo de control 003375
008 - DATOS DE LONGITUD FIJA--INFORMACIÓN GENERAL
campo de control de longitud fija 221003s1996 xx 000 0 spa d
020 ## - NÚMERO INTERNACIONAL ESTÁNDAR DEL LIBRO
Número Internacional Estándar del Libro 84-7426-272-0
035 ## - NÚMERO DE CONTROL DEL SISTEMA
Número de control de sistema CENDO_615
041 ## - CÓDIGO DE IDIOMA
Código de lengua del texto/banda sonora o título independiente spa
084 ## - OTRO NÚMERO DE CLASIFICACIÓN
Número de clasificación CD-00989
100 ## - ENTRADA PRINCIPAL--NOMBRE DE PERSONA
Nombre de persona VELASCO, Luis de
9 (RLIN) 1386
245 #0 - MENCIÓN DEL TÍTULO
Título Políticas del PSOE 1982-1995 :
Resto del título del cambio a la decepción /
Mención de responsabilidad, etc. Luis de Velasco
260 ## - PUBLICACIÓN, DISTRIBUCIÓN, ETC.
Lugar de publicación, distribución, etc. Barcelona :
Nombre del editor, distribuidor, etc. ICARIA,
Fecha de publicación, distribución, etc. D.L. 1996
300 ## - DESCRIPCIÓN FÍSICA
Extensión 184 p. ;
Dimensiones 22 cm
650 ## - PUNTO DE ACCESO ADICIONAL DE MATERIA--TÉRMINO DE MATERIA
Término de materia o nombre geográfico como elemento de entrada PARTIDO POLITICO
9 (RLIN) 803
650 ## - PUNTO DE ACCESO ADICIONAL DE MATERIA--TÉRMINO DE MATERIA
Término de materia o nombre geográfico como elemento de entrada SOCIALISTA
9 (RLIN) 1387
650 ## - PUNTO DE ACCESO ADICIONAL DE MATERIA--TÉRMINO DE MATERIA
Término de materia o nombre geográfico como elemento de entrada POLITICA ECONOMICA
9 (RLIN) 45
650 ## - PUNTO DE ACCESO ADICIONAL DE MATERIA--TÉRMINO DE MATERIA
Término de materia o nombre geográfico como elemento de entrada ESPAÑA
9 (RLIN) 9
700 ## - ENTRADA AGREGADA--NOMBRE PERSONAL
Nombre de persona SOTELO, Ignacio,
Término indicativo de función/relación pr.
9 (RLIN) 1388
901 ## - ELEMENTOS DE DATOS A LOCAL LDA (RLIN)
a 1
903 ## - ELEMENTOS DE DATOS C LOCAL, LDC (RLIN)
a NO
953 ## -
-- 1996-04-30
-- MONOGRAFIA
-- CD-00989
910 ## - DATOS DE OPCIÓN DEL USUARIO (OCLC)
Datos de opción del usuario 1996
942 ## - ELEMENTOS DE ENTRADA SECUNDARIOS (KOHA)
Tipo de ítem Koha Monografía
Holdings
Estatus retirado Estado de pérdida Estado de daño No para préstamo Biblioteca de origen Biblioteca actual Fecha de adquisición Total de préstamos Signatura topográfica completa Código de barras Visto por última vez Precio de reemplazo Tipo de ítem Koha
        CENDO CENDO 30/04/1996   CD-00989 CENDO_615 05/10/2022 05/10/2022 Monografía